Language Quiz

Random Language or Letter Quiz

All 3-Letter Palindromes Quiz Stats

 Plays Quiz Updated Oct 4, 2015

Also try: I Go Both Ways
Challenge
Share
Tweet
Embed
Score 0/56 Timer 04:00
0 Plays Today
% Correct
dad
93.8%
bob
92.1%
bib
90%
mom
89.8%
did
89.4%
pop
84.7%
dud
84.7%
gag
84.2%
bub
81.9%
tit
81.7%
tat
81.3%
pip
80.7%
gig
80.4%
tot
80.1%
aba
79.8%
pap
79.7%
ala
79.6%
mum
78.3%
ana
78.3%
aha
78.1%
mam
76.8%
ama
76.6%
aga
75.9%
nan
75.3%
pup
74.9%
mim
74.6%
pep
74.3%
tut
73.9%
% Correct
nun
73.3%
wow
72.3%
tet
71.9%
hah
71.6%
mem
71.1%
ere
68.9%
sis
67.4%
ava
66.4%
ewe
66.4%
eve
65.4%
awa
65.2%
sos
62.9%
eye
61.4%
huh
60.4%
heh
60.4%
eme
60%
sus
55.7%
eke
54.2%
yay
53.3%
waw
49.5%
mmm
43.8%
ono
42.9%
oho
37.8%
vav
31%
oxo
25.6%
zuz
25.2%
zzz
24.4%
ulu
17.1%

You're not logged in!

Compare scores with friends on all Sporcle quizzes.
Join for Free
OR
Log In

You Might Also Like...

Show Comments

Extras

Top Quizzes Today


Score Distribution

Your Account Isn't Verified!

In order to create a playlist on Sporcle, you need to verify the email address you used during registration. Go to your Sporcle Settings to finish the process.

Report this User

Report this user for behavior that violates our Community Guidelines.

Details: